00403nam a2200157Ia 4500008004100000082001000041100001900051245002500070260002800095300000800123365000600131520002900137630002500166650002900191730002500220100917s9999 xx 000 0 und d b47368 aElfrida Vipont aThe Lark In The Morn bOxford Universityc1973 a151 b0 aबालविभाग aThe Lark In The Morn aबालविभाग aThe Lark In The Morn